[Event "17. Internationales Open Graz 2010"]
[Site "Brauhaus Puntigam, Graz"]
[Date "2010.08.28"]
[Round "1"]
[Board "1"]
[White "Shengelia, David"]
[Black "Boehmer, Ernst"]
[Result "1-0"]
[WhiteElo "2582"]
[BlackElo "2128"]
[PlyCount "71"]
[EventDate "2010.08.28"]
[EventRounds "9"]
[EventCountry "AUT"]

1.d4 Nf6 2.Nf3 c5 3.d5 d6 4.Nc3 g6 5.e4 Bg7 6.h3 O-O 7.Be2 b5 8.e5 dxe5 9.Bxb5
Bb7 10.Be3 e4 11.Nd2 Nxd5 12.Nxd5 Qxd5 13.c3 Na6 14.Bc4 Qe5 15.Nb3 Rac8 16.Na5
Qc7 17.Nxb7 Qxb7 18.Qb3 Qc6 19.Bd5 Qd6 20.Rd1 Qc7 21.Qb5 Nb8 22.Bxe4 a6 23.Qa4
Rfd8 24.O-O e6 25.Rxd8+ Rxd8 26.Rd1 Rxd1+ 27.Qxd1 Be5 28.Qa4 Qd7 29.Qxd7 Nxd7
30.Bd3 a5 31.Bb5 Nf6 32.Bxc5 Ne4 33.Bb6 Nd6 34.a4 Nxb5 35.axb5 a4 36.Bd4

[Event "17. Internationales Open Graz 2010"]
[Site "Brauhaus Puntigam, Graz"]
[Date "2010.08.28"]
[Round "1"]
[Board "1"]
[White "Zankl, Thomas"]
[Black "Mohr, Georg"]
[Result "0-1"]
[WhiteElo "2122"]
[BlackElo "2511"]
[PlyCount "136"]
[EventDate "2010.08.28"]
[EventRounds "9"]
[EventCountry "AUT"]

1.d4 Nf6 2.Nf3 g6 3.g3 Bg7 4.Bg2 O-O 5.O-O d6 6.c4 Nbd7 7.Nc3 e5 8.e3 c6 9.a4
Re8 10.a5 e4 11.Nd2 d5 12.b4 a6 13.Qa4 h5 14.b5 cxb5 15.cxb5 Nf8 16.Nb3 Ne6
17.bxa6 Rxa6 18.Bd2 h4 19.Rfc1 Ng5 20.Nb5 Bd7 21.Nc5 Nf3+ 22.Bxf3 exf3 23.Qb3
Ne4 24.Nxe4 dxe4 25.Nc7 Qg5 26.Qd1 hxg3 27.fxg3 f2+ 28.Kxf2 Rf6+ 29.Kg2 Rc8
30.Rc5 Rf5 31.Rac1 Bf8 32.Rxf5 Qxf5 33.a6 bxa6 34.Nxa6 Qh3+ 35.Kg1 Bd6 36.Qe1
Rxc1 37.Bxc1 Bg4 38.Nc5 Bf3 39.Qf2 Qh5 40.Nd7 Qb5 41.Ne5 Bxe5 42.dxe5 Qxe5
43.Qd2 Qa1 44.Qb2 Qa4 45.Qd2 Kh7 46.Qd5 Kh6 47.h3 Qc2 48.Qd2 Qc7 49.Kf2 Qc8
50.Kg1 f6 51.Bb2 Qc7 52.Kf2 Qc8 53.Kg1 Qb8 54.Kf2 Qb5 55.Kg1 Qb3 56.Bc3 g5
57.Kf2 Kg6 58.Qd4 Qa2+ 59.Qd2 Qb1 60.Qe1 Qb5 61.Kg1 Be2 62.Kg2 Qc4 63.Qd2 Bf1+
64.Kh2 Qc8 65.g4 Qc7+ 66.Kh1 Bxh3 67.Qd4 Qc6 68.Qd8 Qe6

[Event "17. Internationales Open Graz 2010"]
[Site "Brauhaus Puntigam, Graz"]
[Date "2010.08.28"]
[Round "1"]
[Board "1"]
[White "Kasparov, Sergey"]
[Black "Wallner, Dieter"]
[Result "1-0"]
[WhiteElo "2492"]
[BlackElo "2117"]
[PlyCount "80"]
[EventDate "2010.08.28"]
[EventRounds "9"]
[EventCountry "AUT"]

1.e4 c6 2.d4 d5 3.Nc3 dxe4 4.Nxe4 Bf5 5.Ng3 Bg6 6.N1e2 e6 7.Nf4 Bd6 8.h4 Qc7
9.Nxg6 hxg6 10.Ne4 Bf4 11.g3 Bxc1 12.Qxc1 Nf6 13.Nxf6+ gxf6 14.Bg2 Nd7 15.Qe3
Qa5+ 16.c3 O-O-O 17.O-O g5 18.b4 Qf5 19.Be4 Qh3 20.b5 gxh4 21.Bg2 Qg4 22.bxc6
bxc6 23.Rab1 Rdg8 24.d5 exd5 25.Rb4 Qe6 26.Qxa7 hxg3 27.fxg3 Kd8 28.Rb7 f5 29.c4
Ke7 30.cxd5 cxd5 31.Rxd7+ Qxd7 32.Re1+ Kd8 33.Qb8+ Qc8 34.Qd6+ Qd7 35.Qf6+ Kc8
36.Rc1+ Kb8 37.Qe5+ Kb7 38.Bxd5+ Kb6 39.Qe3+ Kb5 40.Rb1+ Ka6

[Event "17. Internationales Open Graz 2010"]
[Site "Brauhaus Puntigam, Graz"]
[Date "2010.08.28"]
[Round "1"]
[Board "1"]
[White "Zoebisch, Herbert"]
[Black "Lanka, Zigurds"]
[Result "1/2-1/2"]
[WhiteElo "2117"]
[BlackElo "2468"]
[PlyCount "109"]
[EventDate "2010.08.28"]
[EventRounds "9"]
[EventCountry "AUT"]

1.d4 Nf6 2.c4 c5 3.d5 b5 4.cxb5 a6 5.e3 g6 6.Nc3 Bg7 7.Nf3 O-O 8.a4 Bb7 9.Ra3 e6
10.dxe6 fxe6 11.Qd6 Bxf3 12.gxf3 Qc8 13.Be2 Ne8 14.Qg3 d5 15.O-O axb5 16.Nxb5
Nc6 17.e4 Nd4 18.Nxd4 Bxd4 19.b3 Qb7 20.Qh3 Ng7 21.a5 Qb4 22.a6 dxe4 23.f4 e5
24.Ra4 Qb6 25.Bc4+ Kh8 26.fxe5 Qc6 27.e6 Rf5 28.e7 Qf6 29.Ra2 Qxe7 30.Re2 Raf8
31.Qg2 Re5 32.Be3 Nf5 33.Bg5 Qe8 34.Rfe1 Nd6 35.Be3 Qe7 36.Kh1 Rh5 37.Bxd4+ cxd4
38.Rxe4 Nxe4 39.Rxe4 Qf6 40.f4 Rd8 41.Qe2 Qc6 42.Kg1 Ra5 43.Re6 Qc8 44.b4 Rf5
45.b5 Rdf8 46.b6 Qc5 47.Kg2 Rxf4 48.Qe5+ Qxe5 49.Rxe5 Rf2+ 50.Kg1 Rc2 51.Be2
Rc1+ 52.Kg2 Rc2 53.Kg1 Rc1+ 54.Kg2 Rc2 55.Kg1

[Event "17. Internationales Open Graz 2010"]
[Site "Brauhaus Puntigam, Graz"]
[Date "2010.08.28"]
[Round "1"]
[Board "1"]
[White "Danner, Georg"]
[Black "Titan, Matej"]
[Result "1-0"]
[WhiteElo "2418"]
[BlackElo "2117"]
[PlyCount "88"]
[EventDate "2010.08.28"]
[EventRounds "9"]
[EventCountry "AUT"]

1.d4 d5 2.c4 dxc4 3.Nf3 Nf6 4.e3 e6 5.Bxc4 a6 6.O-O c5 7.dxc5 Bxc5 8.Qxd8+ Kxd8
9.Nbd2 Ke7 10.Be2 Bd7 11.Ne5 Bc6 12.Nb3 Bd6 13.Nc4 Bc7 14.Bd2 Rd8 15.Nd4 Bd5
16.Rfd1 g6 17.Bc3 Nc6 18.Nxc6+ Bxc6 19.Bb4+ Ke8 20.Nd6+ Bxd6 21.Bxd6 Rd7 22.Be5
Rxd1+ 23.Rxd1 Ng8 24.f3 Rd8 25.Rxd8+ Kxd8 26.Kf2 Ke7 27.e4 Nf6 28.Ke3 Nd7 29.Bc3
Nf6 30.Kd4 Nd7 31.Bb4+ Ke8 32.Bd6 Kd8 33.b3 Ke8 34.a4 Kd8 35.h4 Ke8 36.g3 Kd8
37.g4 Ke8 38.g5 Kd8 39.Bf1 Ke8 40.Bh3 Kd8 41.Bg4 Ke8 42.h5 Nb6 43.h6 Kd7 44.Bc5
Ke8

[Event "17. Internationales Open Graz 2010"]
[Site "Brauhaus Puntigam, Graz"]
[Date "2010.08.28"]
[Round "1"]
[Board "1"]
[White "Sekyra, Michael"]
[Black "Sakelsek, Tadej"]
[Result "0-1"]
[WhiteElo "2111"]
[BlackElo "2407"]
[PlyCount "60"]
[EventDate "2010.08.28"]
[EventRounds "9"]
[EventCountry "AUT"]

1.e4 c5 2.Nf3 Nc6 3.d4 cxd4 4.Nxd4 Qc7 5.Nc3 e6 6.Be3 a6 7.Qd2 Nf6 8.f3 Bb4
9.O-O-O O-O 10.Nxc6 bxc6 11.a3 Be7 12.g4 d5 13.g5 Nd7 14.f4 Rb8 15.Qf2 Qa5
16.Nb1 dxe4 17.Qd2 Qc7 18.Bg2 Qb7 19.Bd4 c5 20.Bc3 Nb6 21.b3 Bd7 22.Bb2 Bc6
23.Qe2 c4 24.Nc3 cxb3 25.cxb3 Nd5 26.Bxe4 Nxc3 27.Bxh7+ Kxh7 28.Qh5+ Kg8 29.Rd3
Qxb3 30.Bxc3 Be4

[Event "17. Internationales Open Graz 2010"]
[Site "Brauhaus Puntigam, Graz"]
[Date "2010.08.28"]
[Round "1"]
[Board "1"]
[White "Fauland, Alexander"]
[Black "Stagl, Marco"]
[Result "1-0"]
[WhiteElo "2406"]
[BlackElo "2106"]
[PlyCount "61"]
[EventDate "2010.08.28"]
[EventRounds "9"]
[EventCountry "AUT"]

1.Nf3 Nf6 2.g3 d5 3.c4 c6 4.b3 Bf5 5.Bg2 e6 6.O-O Nbd7 7.Bb2 Bd6 8.d3 O-O 9.Re1
Qe7 10.Nbd2 e5 11.cxd5 cxd5 12.e4 dxe4 13.dxe4 Bg4 14.Qe2 Rac8 15.Nc4 Bb4
16.Red1 b5 17.Ne3 Bc5 18.Rac1 a6 19.h3 Bxf3 20.Bxf3 Nb8 21.Nf5 Qe6 22.Bg4 Nxg4
23.Qxg4 g6 24.Rxc5 Rxc5 25.Ba3 h5 26.Qg5 Nd7 27.Rxd7 b4 28.Rd6 Qxd6 29.Nxd6 bxa3
30.Nc4 Kg7 31.Qc1

[Event "17. Internationales Open Graz 2010"]
[Site "Brauhaus Puntigam, Graz"]
[Date "2010.08.28"]
[Round "1"]
[Board "1"]
[White "Kravanja, Georg"]
[Black "Webersberger, Johann"]
[Result "1/2-1/2"]
[WhiteElo "2099"]
[BlackElo "2368"]
[PlyCount "63"]
[EventDate "2010.08.28"]
[EventRounds "9"]
[EventCountry "AUT"]

1.d4 g6 2.c4 Bg7 3.g3 Nf6 4.Bg2 O-O 5.Nf3 Nc6 6.O-O d5 7.cxd5 Nxd5 8.h3 Nb6
9.Be3 Nc4 10.Qd3 Nxe3 11.fxe3 e5 12.Rd1 exd4 13.exd4 f5 14.e3 Qd6 15.Kh2 Kh8
16.Nc3 a6 17.a3 Ne7 18.b4 c6 19.Rac1 Be6 20.e4 fxe4 21.Nxe4 Qc7 22.Nc5 Bd5
23.Ng5 Rf2 24.Rc2 Rxc2 25.Qxc2 Nf5 26.Qf2 Qe7 27.Bxd5 Qxg5 28.Be4 Nd6 29.Bg2 Rf8
30.Qd2 Qxd2 31.Rxd2 Bh6 32.d5

[Event "17. Internationales Open Graz 2010"]
[Site "Brauhaus Puntigam, Graz"]
[Date "2010.08.28"]
[Round "1"]
[Board "1"]
[White "Schachinger, Mario"]
[Black "Schweitzer, Werner"]
[Result "1-0"]
[WhiteElo "2353"]
[BlackElo "2089"]
[PlyCount "57"]
[EventDate "2010.08.28"]
[EventRounds "9"]
[EventCountry "AUT"]

1.Nf3 d5 2.d4 Nf6 3.c4 c6 4.e3 Bg4 5.Qb3 Qb6 6.Ne5 Bf5 7.cxd5 Qxb3 8.axb3 Nxd5
9.Na3 f6 10.Nd3 e6 11.Bd2 Nd7 12.f3 Bg6 13.e4 N5b6 14.Nc4 Be7 15.Nxb6 Nxb6
16.Nc5 Bf7 17.Nxb7 O-O 18.Ba6 e5 19.dxe5 fxe5 20.Na5 Bc5 21.Bc3 Bd4 22.Bxd4 exd4
23.Nxc6 Bxb3 24.Nxd4 Bc4 25.Bxc4+ Nxc4 26.b3 Rfd8 27.Nc6 Rd6 28.Ne7+ Kf7 29.Nf5

[Event "17. Internationales Open Graz 2010"]
[Site "Brauhaus Puntigam, Graz"]
[Date "2010.08.28"]
[Round "1"]
[Board "1"]
[White "Basagic, Zlatko"]
[Black "Gutmann, Alois"]
[Result "1/2-1/2"]
[WhiteElo "2327"]
[BlackElo "2087"]
[PlyCount "84"]
[EventDate "2010.08.28"]
[EventRounds "9"]
[EventCountry "AUT"]

1.d4 e6 2.e4 d5 3.Nc3 Nf6 4.Bg5 Bb4 5.Bd3 h6 6.Bxf6 Qxf6 7.Nf3 Bd7 8.O-O Bxc3
9.bxc3 dxe4 10.Bxe4 Bc6 11.Qe2 O-O 12.Rab1 b6 13.Ne5 Bxe4 14.Qxe4 c6 15.Rb3 Rc8
16.c4 Qf5 17.Qe2 Rc7 18.Rf3 Qh5 19.Qe3 a6 20.a4 Raa7 21.Re1 Rab7 22.g4 Qg5
23.Qxg5 hxg5 24.Rb3 f6 25.Nd3 Kf7 26.Reb1 Nd7 27.c5 b5 28.c4 e5 29.dxe5 Nxe5
30.Nxe5+ fxe5 31.axb5 cxb5 32.cxb5 axb5 33.Rxb5 Rxb5 34.Rxb5 Ke6 35.Kg2 Kd5
36.Kf3 Kd4 37.Rb6 Rxc5 38.Rg6 e4+ 39.Kg2 e3 40.fxe3+ Kxe3 41.Kg3 Ke4 42.Re6+ Re5

[Event "17. Internationales Open Graz 2010"]
[Site "Brauhaus Puntigam, Graz"]
[Date "2010.08.28"]
[Round "1"]
[Board "1"]
[White "Strobel, Matthias"]
[Black "Fahrner, Kurt"]
[Result "1/2-1/2"]
[WhiteElo "2086"]
[BlackElo "2314"]
[PlyCount "55"]
[EventDate "2010.08.28"]
[EventRounds "9"]
[EventCountry "AUT"]

1.d4 g6 2.c4 Bg7 3.Nc3 d6 4.Nf3 Bg4 5.e3 e5 6.dxe5 dxe5 7.Qxd8+ Kxd8 8.Be2 f6
9.Nd2 Be6 10.Bf3 c6 11.b4 e4 12.Be2 f5 13.Bb2 Nd7 14.Nb3 Ngf6 15.Na4 Bf7 16.Na5
Kc7 17.b5 c5 18.O-O Rhe8 19.Rfd1 b6 20.Nc6 a6 21.Nc3 axb5 22.cxb5 Nb8 23.a4 Nxc6
24.bxc6 Red8 25.Bb5 Rxd1+ 26.Nxd1 Be8 27.Be5+ Kc8 28.Nc3

[Event "17. Internationales Open Graz 2010"]
[Site "Brauhaus Puntigam, Graz"]
[Date "2010.08.28"]
[Round "1"]
[Board "1"]
[White "Diermair, Andreas"]
[Black "Schriebl, Alexander"]
[Result "1-0"]
[WhiteElo "2312"]
[BlackElo "2072"]
[PlyCount "63"]
[EventDate "2010.08.28"]
[EventRounds "9"]
[EventCountry "AUT"]

1.d4 Nf6 2.c4 g6 3.Nf3 d5 4.cxd5 Nxd5 5.g3 Bg7 6.Bg2 O-O 7.O-O Nc6 8.Nc3 Nxc3
9.bxc3 e5 10.e3 Rb8 11.Ba3 Re8 12.Nd2 Ne7 13.Nc4 exd4 14.cxd4 b6 15.Rb1 Be6
16.Qc2 Bd5 17.Nd2 Bxg2 18.Kxg2 Qd5+ 19.Kg1 Rbc8 20.Rfc1 Qh5 21.Bxe7 Rxe7 22.Qc6
Qe2 23.Rc2 Rce8 24.Rbc1 h5 25.Qf3 Qd3 26.Nb3 Qa6 27.Qd5 Qa3 28.Rxc7 Qxa2 29.Rxe7
Rxe7 30.Qd8+ Bf8 31.Rc8 Qb1+ 32.Nc1

[Event "17. Internationales Open Graz 2010"]
[Site "Brauhaus Puntigam, Graz"]
[Date "2010.08.28"]
[Round "1"]
[Board "1"]
[White "Huber, Adolf"]
[Black "Perhinig, Robert"]
[Result "0-1"]
[WhiteElo "2072"]
[BlackElo "2262"]
[PlyCount "60"]
[EventDate "2010.08.28"]
[EventRounds "9"]
[EventCountry "AUT"]

1.e4 e6 2.d4 d5 3.Nc3 Bb4 4.e5 c5 5.a3 Bxc3+ 6.bxc3 Ne7 7.Nf3 Nbc6 8.Bd3 Bd7
9.O-O Qa5 10.Bd2 c4 11.Be2 O-O-O 12.Ng5 Rdf8 13.f4 f6 14.Nh3 fxe5 15.fxe5 Rxf1+
16.Qxf1 Nxd4 17.Bd1 Ng6 18.Qe1 Nc6 19.Bh5 Ngxe5 20.Qf2 Qb6 21.Be3 Qb2 22.Re1
Qxc3 23.Bf4 Ng6 24.Bxg6 hxg6 25.Bd6 Qd4 26.Ng5 Qxf2+ 27.Kxf2 Rh5 28.Nxe6 Bxe6
29.Rxe6 Rf5+ 30.Ke3 Rf6

[Event "17. Internationales Open Graz 2010"]
[Site "Brauhaus Puntigam, Graz"]
[Date "2010.08.28"]
[Round "1"]
[Board "1"]
[White "Halvax, Georg"]
[Black "Staufenberger, Bernd"]
[Result "0-1"]
[WhiteElo "2255"]
[BlackElo "2071"]
[PlyCount "62"]
[EventDate "2010.08.28"]
[EventRounds "9"]
[EventCountry "AUT"]

1.e4 e6 2.d4 d5 3.Nc3 Bb4 4.e5 c5 5.a3 Ba5 6.b4 cxd4 7.Nb5 Bc7 8.f4 Bd7 9.Nxd4
Ne7 10.Ngf3 Nbc6 11.Be3 Bb6 12.Bd3 g6 13.c3 Rc8 14.Qd2 Nf5 15.Bxf5 Nxd4 16.Nxd4
exf5 17.O-O O-O 18.Rf3 f6 19.Re1 Re8 20.Bf2 fxe5 21.fxe5 Be6 22.Rh3 Qd7 23.Qf4
Rc4 24.Qg5 Rec8 25.Qf6 Rxd4 26.Rh6 Rg4 27.Bxb6 axb6 28.Rxh7 Kxh7 29.Re3 g5
30.Rh3+ Rh4 31.Rg3 Rg8

[Event "17. Internationales Open Graz 2010"]
[Site "Brauhaus Puntigam, Graz"]
[Date "2010.08.28"]
[Round "1"]
[Board "1"]
[White "Schieder, Josef"]
[Black "Buzeti, Jernej"]
[Result "0-1"]
[WhiteElo "2064"]
[BlackElo "2251"]
[PlyCount "80"]
[EventDate "2010.08.28"]
[EventRounds "9"]
[EventCountry "AUT"]

1.c4 Nf6 2.g3 e5 3.Bg2 d5 4.cxd5 Nxd5 5.Nc3 Nb6 6.Nf3 Nc6 7.O-O Be7 8.b3 O-O
9.Bb2 Be6 10.d3 Qd7 11.Rc1 f6 12.Re1 a5 13.Nd2 Rad8 14.Nc4 Nd5 15.Qd2 b6 16.Ne3
Nxe3 17.fxe3 Nb4 18.Red1 c5 19.Qe1 f5 20.Ba3 Bg5 21.Qd2 Qf7 22.Rf1 Qg6 23.Bxb4
axb4 24.Nd1 Rd6 25.Qb2 Bf6 26.Qc2 Qh6 27.e4 f4 28.gxf4 exf4 29.Bf3 Bh3 30.Nf2
Bd4 31.Kh1 Bxf1 32.Rxf1 Qh4 33.Ng4 h5 34.e5 Rdd8 35.Qc4+ Kh8 36.Nh6 gxh6 37.Qe6
Qg5 38.Be4 Rg8 39.h3 Rde8 40.Qd7 Re7

[Event "17. Internationales Open Graz 2010"]
[Site "Brauhaus Puntigam, Graz"]
[Date "2010.08.28"]
[Round "1"]
[Board "1"]
[White "Fauland, Peter"]
[Black "Teuschler, Hugo"]
[Result "1/2-1/2"]
[WhiteElo "2243"]
[BlackElo "2043"]
[PlyCount "61"]
[EventDate "2010.08.28"]
[EventRounds "9"]
[EventCountry "AUT"]

1.d4 d5 2.Nf3 Nf6 3.Bf4 c6 4.e3 Qb6 5.Qc1 Bf5 6.Nh4 Bg6 7.h3 Nbd7 8.Nd2 e6 9.Be2
c5 10.c3 Bd6 11.Nxg6 hxg6 12.Bxd6 Qxd6 13.Qc2 a6 14.a4 Rc8 15.Rd1 cxd4 16.exd4
Qf4 17.Qb3 Rc7 18.Bf3 g5 19.g3 Qf5 20.Bg2 g4 21.hxg4 Rxh1+ 22.Bxh1 Nxg4 23.Bf3
Ndf6 24.Ke2 Re7 25.Ra1 Rc7 26.Re1 Re7 27.Rb1 Rc7 28.Rg1 Re7 29.Ra1 Rc7 30.Rg1
Re7 31.Re1

[Event "17. Internationales Open Graz 2010"]
[Site "Brauhaus Puntigam, Graz"]
[Date "2010.08.28"]
[Round "1"]
[Board "1"]
[White "Kollmann, Christoph"]
[Black "Tomazini, Aljosa"]
[Result "0-1"]
[WhiteElo "2043"]
[BlackElo "2234"]
[PlyCount "82"]
[EventDate "2010.08.28"]
[EventRounds "9"]
[EventCountry "AUT"]

1.Nf3 Nf6 2.g3 g6 3.b3 Bg7 4.Bb2 d5 5.Bg2 O-O 6.O-O c6 7.d3 Re8 8.Nbd2 Nbd7
9.Re1 e5 10.e4 d4 11.Qe2 Nf8 12.c3 c5 13.c4 Nh5 14.Nh4 Nf4 15.gxf4 Qxh4 16.fxe5
Bh6 17.Nf3 Qh5 18.Nd2 Qxe5 19.Bc1 Ne6 20.Nf1 Bxc1 21.Raxc1 Nf4 22.Qf3 Qg5 23.h4
Qxh4 24.Ng3 Re5 25.Ne2 Nxe2+ 26.Qxe2 Rg5 27.f4 Qxf4 28.Rf1 Qe5 29.Qf3 Be6 30.Rc2
Rg3 31.Qd1 Qg5 32.Rf3 Bh3 33.Rxg3 Qxg3 34.Qf1 Re8 35.Rf2 Bxg2 36.Rxg2 Qe3+
37.Kh2 Re5 38.Rg3 Rh5+ 39.Kg2 Qd2+ 40.Kf3 Rh2 41.e5 Qe3+

[Event "17. Internationales Open Graz 2010"]
[Site "Brauhaus Puntigam, Graz"]
[Date "2010.08.28"]
[Round "1"]
[Board "1"]
[White "Bensch, Patrick"]
[Black "Holzbauer, Johannes"]
[Result "1/2-1/2"]
[WhiteElo "2213"]
[BlackElo "2036"]
[PlyCount "36"]
[EventDate "2010.08.28"]
[EventRounds "9"]
[EventCountry "AUT"]

1.e4 e6 2.d4 d5 3.Nc3 Nc6 4.Nf3 Nf6 5.Bd3 Bb4 6.Bg5 h6 7.Bxf6 gxf6 8.O-O Ne7
9.Ne2 dxe4 10.Bxe4 f5 11.Bd3 Ng6 12.c4 Bd6 13.Re1 Kf8 14.Qd2 Bd7 15.Rad1 Nh4
16.Ne5 Bc6 17.Nxc6 bxc6 18.c5 Be7

[Event "17. Internationales Open Graz 2010"]
[Site "Brauhaus Puntigam, Graz"]
[Date "2010.08.28"]
[Round "1"]
[Board "1"]
[White "Loebler, Heimo"]
[Black "Huber, Martin Christian"]
[Result "0-1"]
[WhiteElo "2167"]
[BlackElo "1951"]
[PlyCount "70"]
[EventDate "2010.08.28"]
[EventRounds "9"]
[EventCountry "AUT"]

1.d4 d5 2.c4 c6 3.Nf3 Nf6 4.e3 Bf5 5.cxd5 cxd5 6.Qb3 Qc8 7.Bd2 Nc6 8.Bb5 a6
9.Bxc6+ bxc6 10.O-O Rb8 11.Qa4 Rxb2 12.Rc1 Qb7 13.Na3 Ne4 14.Be1 Bd7 15.Ne5 e6
16.f3 Nd6 17.Nd3 Rb6 18.Ba5 c5 19.Qd1 c4 20.Nc5 Qc6 21.Bxb6 Qxb6 22.Nxd7 Kxd7
23.Rab1 Qa5 24.Nc2 Nb5 25.Qe1 Qa4 26.e4 Bd6 27.Kh1 Bf4 28.Ne3 Qa3 29.Nc2 Qc3
30.exd5 exd5 31.Nb4 Bxc1 32.Qxc3 Nxc3 33.Rxc1 a5 34.Na6 Na4 35.Rb1 Ra8

[Event "17. Internationales Open Graz 2010"]
[Site "Brauhaus Puntigam, Graz"]
[Date "2010.08.28"]
[Round "1"]
[Board "1"]
[White "Kreiner, Stefan"]
[Black "Nickl, Klaus"]
[Result "0-1"]
[WhiteElo "1926"]
[BlackElo "2162"]
[PlyCount "84"]
[EventDate "2010.08.28"]
[EventRounds "9"]
[EventCountry "AUT"]

1.e4 e5 2.Nf3 Nc6 3.Bb5 a6 4.Ba4 b5 5.Bb3 Na5 6.O-O Nxb3 7.axb3 d6 8.Nc3 Bb7
9.Re1 Ne7 10.b4 g6 11.d4 Bg7 12.Bg5 h6 13.Bh4 g5 14.Bg3 Ng6 15.dxe5 dxe5 16.Qe2
c6 17.Qe3 O-O 18.Qc5 Re8 19.Rad1 Qe7 20.Rd6 g4 21.Nd2 Bf8 22.Rxg6+ fxg6 23.Qb6
a5 24.bxa5 Ra6 25.Qe3 Rxa5 26.Nb3 Raa8 27.f3 Bc8 28.fxg4 Bxg4 29.h3 Be6 30.Nd1
Bxb3 31.Qxb3+ Kh7 32.Rf1 Bg7 33.Rf7 Qe6 34.Qxe6 Rxe6 35.Ne3 h5 36.Kh2 Ra4 37.c4
bxc4 38.Nd1 Rb4 39.Rd7 c3 40.Nxc3 Rxb2 41.Nd5 cxd5 42.exd5 Re8

[Event "17. Internationales Open Graz 2010"]
[Site "Brauhaus Puntigam, Graz"]
[Date "2010.08.29"]
[Round "2"]
[Board "1"]
[White "Mohr, Georg"]
[Black "Wiedermann, Daniel"]
[Result "1-0"]
[WhiteElo "2511"]
[BlackElo "2198"]
[PlyCount "79"]
[EventDate "2010.08.28"]
[EventRounds "9"]
[EventCountry "AUT"]

1.e4 c5 2.Nf3 Nc6 3.d4 cxd4 4.Nxd4 Nf6 5.Nc3 e5 6.Ndb5 d6 7.Bg5 a6 8.Na3 b5
9.Nd5 Be7 10.Bxf6 Bxf6 11.c4 b4 12.Nc2 a5 13.g3 Bg5 14.Bg2 O-O 15.O-O Ne7
16.Nde3 Bxe3 17.Nxe3 Qb6 18.Qd3 Be6 19.Rfd1 Rfd8 20.Rac1 Rac8 21.Nf5 Bxf5
22.exf5 f6 23.b3 Qc5 24.Bd5+ Nxd5 25.Qxd5+ Qxd5 26.Rxd5 Ra8 27.Rcd1 Ra6 28.c5
Kf7 29.cxd6 Ke8 30.Kg2 Kd7 31.Rc1 Rc8 32.Rxc8 Kxc8 33.d7+ Kd8 34.Kf3 Ra8 35.Ke4
Ra7 36.Rd6 a4 37.Kd5 axb3 38.axb3 Ra5+ 39.Ke6 e4 40.Rc6

[Event "17. Internationales Open Graz 2010"]
[Site "Brauhaus Puntigam, Graz"]
[Date "2010.08.29"]
[Round "2"]
[Board "1"]
[White "Wegerer, Fred"]
[Black "Kasparov, Sergey"]
[Result "0-1"]
[WhiteElo "2207"]
[BlackElo "2492"]
[PlyCount "55"]
[EventDate "2010.08.28"]
[EventRounds "9"]
[EventCountry "AUT"]

1.c4 c5 2.Nc3 b6 3.Nf3 Bb7 4.e4 d6 5.Be2 Nf6 6.d3 e6 7.O-O Be7 8.Ng5 h6 9.Nh3
Nc6 10.Qe1 g5 11.f4 g4 12.Nf2 Nd4 13.Bd1 Rg8 14.Be3 h5 15.Bxd4 cxd4 16.Ne2 b5
17.cxb5 Qb6 18.a4 Kf8 19.b4 h4 20.a5 Qxb5 21.Nxd4 Qh5 22.a6 Bc8 23.e5 Nd5
24.Nxg4 Rxg4 25.h3 Rxg2+ 26.Kxg2 Qg6+ 27.Bg4 Qxd3 28.Nxe6+ {Flag}

[Event "17. Internationales Open Graz 2010"]
[Site "Brauhaus Puntigam, Graz"]
[Date "2010.08.29"]
[Round "2"]
[Board "1"]
[White "Sakelsek, Tadej"]
[Black "Tomazini, Zan"]
[Result "1/2-1/2"]
[WhiteElo "2407"]
[BlackElo "2188"]
[PlyCount "92"]
[EventDate "2010.08.28"]
[EventRounds "9"]
[EventCountry "AUT"]

1.e4 e5 2.Nf3 Nc6 3.Bc4 Bc5 4.c3 Nf6 5.d3 O-O 6.O-O Bb6 7.Nbd2 d6 8.Bb3 Ne7
9.Nc4 Ng6 10.a4 c6 11.Nxb6 axb6 12.h3 b5 13.Be3 bxa4 14.Rxa4 Rxa4 15.Bxa4 h6
16.Nd2 Nh7 17.d4 Qf6 18.Qf3 Nf4 19.Bxf4 exf4 20.Qd3 Ng5 21.Nf3 Re8 22.Re1 Bf5
23.Nxg5 Qxg5 24.Kf1 Qe7 25.Bc2 d5 26.f3 Qh4 27.Qd2 dxe4 28.Bxe4 Bxe4 29.Rxe4
Rxe4 30.fxe4 f3 31.gxf3 Qxh3+ 32.Qg2 Qe6 33.Ke1 h5 34.Kf1 Qh6 35.Qf2 Qf4 36.Kg2
g5 37.Qg3 Qd2+ 38.Kh3 Qc1 39.Qg2 Kg7 40.Kh2 Kg6 41.Kh3 b5 42.Kh2 Kh6 43.Qf2 f6
44.Kg2 h4 45.f4 Kh5 46.fxg5 fxg5

[Event "17. Internationales Open Graz 2010"]
[Site "Brauhaus Puntigam, Graz"]
[Date "2010.08.29"]
[Round "2"]
[Board "1"]
[White "Wertjanz, David"]
[Black "Fauland, Alexander"]
[Result "0-1"]
[WhiteElo "2175"]
[BlackElo "2406"]
[PlyCount "64"]
[EventDate "2010.08.28"]
[EventRounds "9"]
[EventCountry "AUT"]

1.e4 c5 2.Nf3 e6 3.d4 cxd4 4.Nxd4 a6 5.Bd3 Nf6 6.O-O Qc7 7.Qe2 Nc6 8.Nxc6 dxc6
9.e5 Nd7 10.Bf4 Nc5 11.Rd1 f5 12.exf6 Qxf4 13.Qh5+ Kd8 14.fxg7 Bxg7 15.Qxc5 Bd4
16.Bxa6 Qxf2+ 17.Kh1 e5 18.Qd6+ Bd7 19.Bxb7 Rf8 20.Nc3 Rf6 21.Qb4 Rg6 22.Rg1 Bh3
23.Bxc6 Rxc6 24.Ne4 Qf4 25.Qb7 Raa6 26.Qxh7 Bxg1 27.Rxg1 Rh6 28.Rd1+ Rad6
29.Qg8+ Kc7 30.Nxd6 Rxd6 31.Qh7+ Bd7 32.Rg1 Rh6

[Event "17. Internationales Open Graz 2010"]
[Site "Brauhaus Puntigam, Graz"]
[Date "2010.08.29"]
[Round "2"]
[Board "1"]
[White "Nickl, Klaus"]
[Black "Schachinger, Mario"]
[Result "1/2-1/2"]
[WhiteElo "2162"]
[BlackElo "2353"]
[PlyCount "123"]
[EventDate "2010.08.28"]
[EventRounds "9"]
[EventCountry "AUT"]

1.d4 d5 2.Nf3 c6 3.Bf4 Nf6 4.c3 Bf5 5.e3 Qb6 6.Qb3 Nbd7 7.Nbd2 Nh5 8.Bg3 Nxg3
9.hxg3 h6 10.c4 e6 11.Rc1 Qxb3 12.Nxb3 Bd6 13.cxd5 exd5 14.Be2 O-O 15.O-O a5
16.Nbd2 Rfe8 17.Rfd1 Nf6 18.Nf1 Ne4 19.N3d2 Nxd2 20.Rxd2 a4 21.Bd3 Bxd3 22.Rxd3
f5 23.Nd2 g5 24.Nf3 Kf7 25.a3 Kf6 26.Ne1 Re4 27.f4 h5 28.Nf3 g4 29.Ne5 Bxe5
30.fxe5+ Kg5 31.Kf2 Ra5 32.b4 axb3 33.Rxb3 c5 34.Rxc5 Rxc5 35.dxc5 Rc4 36.Rxb7
Rxc5 37.Rg7+ Kh6 38.Rg8 Rc7 39.Rd8 Rc2+ 40.Kf1 Rc3 41.Ke2 Rxa3 42.e6 Ra7 43.Rd7
Ra2+ 44.Kd3 Kg6 45.e7 Kf7 46.e8=Q+ Kxe8 47.Rh7 Rxg2 48.Rxh5 Rf2 49.Kd4 Kf7
50.Rh6 Rf3 51.Ke5 Rxg3 52.Kxf5 Rg1 53.Rf6+ Ke7 54.Rg6 g3 55.Kf4 Rf1+ 56.Ke5 Rf3
57.e4 Kf7 58.Rg4 dxe4 59.Kxe4 Ra3 60.Kf4 Ra4+ 61.Kxg3 Rxg4+ 62.Kxg4

[Event "17. Internationales Open Graz 2010"]
[Site "Brauhaus Puntigam, Graz"]
[Date "2010.08.29"]
[Round "2"]
[Board "1"]
[White "Perhinig, Robert"]
[Black "Mihevc Mohr, Narcisa"]
[Result "0-1"]
[WhiteElo "2262"]
[BlackElo "2142"]
[PlyCount "98"]
[EventDate "2010.08.28"]
[EventRounds "9"]
[EventCountry "AUT"]

1.d4 Nf6 2.c4 g6 3.Nc3 Bg7 4.e4 d6 5.f3 Nc6 6.Be3 a6 7.Qd2 Rb8 8.Bd3 e5 9.d5 Nd4
10.Nge2 Nh5 11.O-O c5 12.dxc6 bxc6 13.g4 Nf4 14.Nxf4 exf4 15.Bxf4 Qb6 16.Kg2 Ne6
17.Bxd6 Qxb2 18.Qxb2 Rxb2+ 19.Ne2 Nd4 20.Rab1 Rxe2+ 21.Bxe2 Nxe2 22.Rb8 Kd7
23.Rd1 Ke6 24.Bc7 Be5 25.Bxe5 Kxe5 26.Kf2 Nd4 27.c5 f5 28.exf5 gxf5 29.gxf5 Nxf5
30.Rb4 Be6 31.Re4+ Kf6 32.Ra4 Rb8 33.Rd2 Rb5 34.Rxa6 Rxc5 35.Ra8 Kg5 36.Ra4 Rc3
37.Ra5 Bd5 38.Raxd5 cxd5 39.Rxd5 Rc2+ 40.Kg1 Rxa2 41.Rd8 Nh4 42.Rg8+ Kf4 43.Rg4+
Kxf3 44.Rg3+ Kf4 45.Kh1 h6 46.Rg8 Nf3 47.Rf8+ Kg4 48.h3+ Kg3 49.Rg8+ Ng5